|
|
|
|
| LEADER |
00917nam a2200301Ia 4500 |
| 008 |
141004s9999 xx 000 0 und d |
| 020 |
|
|
|a 8170351820
|
| 040 |
|
|
|c a
|
| 041 |
|
|
|a English
|
| 082 |
|
|
|a 333.714
|
| 082 |
|
|
|b HOS/EN
|
| 100 |
|
|
|a A Kumar
|
| 100 |
|
|
|a B.B. Hosetti
|
| 245 |
|
|
|a Environmental impact assessment and management
|
| 245 |
|
|
|c B.B. Hosetti
|
| 250 |
|
|
|a 1st
|
| 260 |
|
|
|a 1998
|
| 260 |
|
|
|b Daya Publishing house
|
| 260 |
|
|
|c 1998
|
| 300 |
|
|
|a xix + 382 p.
|
| 300 |
|
|
|b 22 cm
|
| 365 |
|
|
|a Rs.795.00
|
| 501 |
|
|
|a COF
|
| 650 |
|
|
|a Environmental impact assessment
|
| 650 |
|
|
|a Environmental waste auditing
|
| 942 |
|
|
|c BK
|
| 999 |
|
|
|c 172147
|d 172147
|
| 952 |
|
|
|0 0
|1 0
|4 0
|6 333_714000000000000_HOS_EN
|7 0
|8 ENV
|9 177336
|a KAUCOF
|b KAUCOF
|g 795.00
|o 333.714 HOS/EN
|p KAU_COF-2299
|r 2014-10-04
|w 2014-10-04
|y BK
|